01309cam a22002894a 4500952011700000999001700117003000400134005001700138008004100155020001800196020001500214040000900229082001900238100001900257245005500276260010600331300003300437520022000470650001500690650002500705650001800730700007600748700001500824856006800839856006800907942004400975 00102ddc40708PRODUCTIONaMESbMEScECO d2019-05-15l0o338.954 RAO/Pp40675r2019-09-11 00:00:00yBKzGL8R5 c40536d40536OSt20201013144109.0200201b ||||| |||| 00| 0 eng d a9788171887057 a8171887058 coclc a338.954bRAO/P 95645aRao, H L02aA Passionate Humanitarian, V.K.R.V. Rao /cH L Rao aNew Delhi :bAcademic Foundation in association with Institute for Social and Economic Change,c2008. a289 p. :bill. (some col.) ; aCommemorative volume on Vijendra Kasturi Ranga Varadaraja Rao, 1908-1991, Indian economist; contributed articles chiefly on his life and contribution in the establishment of Institute for Social and Economic Change. 0aEconomists 0aEconomic development 0aSocial change1 aRao, V. K. R. V.91760d1908-1991q(Vijendra Kasturi Ranga Varadaraja),1 aRao, S. L.42uhttp://www.loc.gov/catdir/enhancements/fy0904/2008325781-b.html42uhttp://www.loc.gov/catdir/enhancements/fy0904/2008325781-d.html cBK2ddch338.954iRAO/Pk338.954mRAO/P